000 00877nam a22002177a 4500
999 _c823
_d823
003 AR-CdUCM
008 190225b ||||| |||| 00| 0 spa d
040 _aMUNICIPALIDAD PROVINCIAL DEL CUSCO
_cBIBLIOTECA MUNICIPAL DEL CUSCO
082 _22ed.
_a869.5028 /
_bV32
100 _aVargas Ugarte, Ruben
_93119
245 _aDe Nuestro antiguo teatro :
_bColeccion de piezas dramaticas de los siglos XVI - XVII y XVIII /
_cVargas Ugarte, Ruben
260 _aLima :
_bCarlos Milla Batres,
_c1974.
300 _a284 paginas ;
_c30cm.
505 _aEl Dios pan -- Decuria de santa maria -- Amar su propia muerte -- Auto del nacimiento del hijo de dios -- Coloquio de la navidad del señor...
650 _aTeatro historico peruano
_93120
650 _aEpoca colonial
_93121
650 _aColecciones
_9607
650 _aPerú
_935
942 _2ddc
_cLIBROS
945 _apjha
_d2019-02-25